| 000 | 00498nam a2200157Ia 4500 | ||
|---|---|---|---|
| 008 | 150610s9999 xx 000 0 und d | ||
| 020 | _a0 764121812 | ||
| 050 |
_aPE144 _b .L57 2002 |
||
| 100 | _aLongknife, Ann | ||
| 245 | 4 |
_aThe art of styling sentences: _b20 patterns for success / _cann Longknife. |
|
| 260 |
_aNew York : _bBarrons Educational Series Inc., _c2002. |
||
| 300 |
_a158pages ; _c23 cm. |
||
| 504 | _aIncludes index. | ||
| 520 | _aSentences. | ||
| 650 |
_aEnglish language _xRhetoric. |
||
| 999 |
_c287998 _d287998 |
||